Flagi państw portugalskojęzycznych - Statystyki

Ogólne statystyki
  • Ten quiz został rozwiązany 39 razy
  • Średni wynik to 8 z 9
Statystyki odpowiedzi
Obrazkowy Odpowiedź % Poprawnych
Angola
100%
Brazylia
100%
Portugalia
100%
Gwinea Równikowa
95%
Mozambik
95%
Republika Zielonego Przylądka
95%
Timor Wschodni
92%
Gwinea Bissau
89%
Wyspy Świętego Tomasza i Książęca
79%
Nie znaleziono quizów pasujących do podanych kryteriów
Rozkład punktacji
Procent ludzi z każdym wynikiem
Percentyl według liczby udzielonych odpowiedzi
Twoja historia wyników
Nie rozwiązałeś tego quizu